Types of Pasta and sauce - Statistics

General Stats
  • This quiz has been taken 153 times
  • The average score is 3 of 8
Answer Stats
Picture Answer % Correct
Spaghetti
96%
Penne
83%
Bowtie
56%
Fusilli
45%
Tomato Sauce
39%
Tortelloni
13%
Pappardelle
11%
Elbow Pasta
2%
No matching quizzes found
Score Distribution
Percent of People with Each Score
Percentile by Number Answered
Your Score History
You have not taken this quiz